The wonder that was India (Registro nro. 310778)

Detalles MARC
000 -ENCABEZADO
Número de control [NR] 01093cam a22002654a 4500
001 - NÚMERO DE CONTROL
control field ocm59281525
005 - FECHA Y HORA DE LA ÚLTIMA TRANSACCIÓN
control field 20181031121351.0
008 - DE LONGITUD FIJA DE DATOS DE ELEMENTOS - INFORMACIÓN GENERAL
Elementos de longitud fija [NR] 181031s2004 ii abf b 001 0 eng d
020 ## - NUMERO INTERNACIONAL NORMALIZADO PARA LIBROS [R]
Número Internacional Normalizado del libro [NR] 033043909X
020 ## - NUMERO INTERNACIONAL NORMALIZADO PARA LIBROS [R]
Número Internacional Normalizado del libro [NR] 9780330439091 (3a.Ed.)
035 ## - NUMERO DE CONTROL DEL SISTEMA [R]
Número de control del sistema [NR] (OCoLC)59281525
Numero Cancelado/no válido [R] (OCoLC)895708938
040 ## - FUENTE DE CATALOGACION [NR]
Agencia de catalogación original [NR] Co-BoUCM
Idioma de catalogación [NR] spa
Quien Cataloga Saul Niño
Quien Clasifica Saul Niño
041 0# - CODIGO DE IDIOMA [R]
Código de idioma para texto/pista de sonido o título separado [R] Inglés
100 1# - ASIENTO PRINCIPAL--NOMBRE PERSONAL [NR]
Nombre personal [NR] Basham, A. L.
ID Autoridad 94297
245 14 - MENCION DE TITULO [NR]
Título [NR] The wonder that was India
Parte restante del título [NR] a survey of the history and culture of the Indian sub-continent before the coming of the Muslims
Mención de responsabilidad, etc. [NR] A.L. Basham ; [foreword by Thomas R. Trautmann]
246 30 - FORMA VARIANTE DEL TITULO [R]
Título propiamente dicho/forma breve del título [NR] Survey of the history and culture of the Indian sub-continent before the coming of the Muslims
250 ## - MENCION DE EDICION [NR]
Mención de edición [NR] Tercera edición
260 ## - PUBLICACION, DISTRIBUCION, ETC. (PIE DE IMPRENTA) [R]
Lugar de publicación, distribución, etc. [R] Kundli, India
Nombre del editor, distribuidor, etc. [R] Picador India
Fecha de publicación, distribución, etc. [R] 2004
300 ## - DESCRIPCION FISICA [R]
Extensión [R] xxxi, 572 páginas., lxxxix páginas de láminas
Otros detalles físicos [NR] mapas, fotografías
650 #7 - ASIENTO SECUNDARIO DE MATERIA - TERMINO TEMATICO [R]
Término temático o nombre geográfico como elemento de entrada [NR] Civilización
9 (RLIN) 7409
651 #0 - ASIENTO SECUNDARIO DE MATERIA - NOMBRE GEOGRAFICO [R]
Nombre geográfico [NR] India
Subdivisión general [R] Civilización
9 (RLIN) 94298
651 #0 - ASIENTO SECUNDARIO DE MATERIA - NOMBRE GEOGRAFICO [R]
Nombre geográfico [NR] India
Subdivisión general [R] Historia
Subdivisión cronológica [R] 324 d.C.-1000 a.C.
9 (RLIN) 94299
942 ## - ELEMENTOS DE ENTRADA AGREGADOS (KOHA)
Sistema de clasificación DEWEY
Tema principal Historia
Tipo de ítem principal el descrito en 300a Libro
Edición 3
Clasificación 954
Parte restante de la signatura top. B299
Existencias
Fecha de último préstamo Total préstamos Total Renewals Signatura topográfica Código de barras Última vez visto Volúmen / Fascículo Ejemplar Costo de reposición Price effective from Tipo de ítem Perdido Sistema de clasificación Dañado No prestable Tipo de ítem específico Suprimido Ubicación habitual Ubicación actual Localización Fecha de creación Proveedor Forma de adquisición Costo
30/11/2018 1 3 954 B299 100158556 10/12/2025 3a.Ed. Ej.2 76935.00 26/10/2018 Libro   DEWEY     Libro   Claustro Claustro 2do piso 26/10/2018 19 Compra 76935.00
      954 B299 100158555 10/12/2025 3a.Ed. Ej.1 76935.00 26/10/2018 Libro   DEWEY     Libro   Claustro Claustro 2do piso 26/10/2018 19 Compra 76935.00